Countries with Creatures on Their Flags - Statistics

General Stats
  • This quiz has been taken 798 times
  • The average score is 4 of 10
Answer Stats
Hint Answer % Correct
Bhutan dragon
81%
Zambia eagle
81%
Sri Lanka lion
78%
Dominica parrot
39%
Papua New Guinea bird of paradise
27%
Ecuador condor
19%
Uganda crane
17%
Kiribati frigatebird
8%
Andorra cows
7%
Peru vicugna
1%
No matching quizzes found
Score Distribution
Percent of People with Each Score
Percentile by Number Answered
Your Score History
You have not taken this quiz